00234 a2200109 4500001000700000020000600007040001100013100002800024240003400052245002900086362000900115177513 a  cMagnum aPinto,frances Rodrigues10aO menino que queria voarlpor10aO menino que queria voar0 a1899